Informe final (Record no. 213966)
[ view plain ]
| 000 -CABECERA | |
|---|---|
| campo de control de longitud fija | 00702nam a22001937a 4500 |
| 003 - IDENTIFICADOR DEL NÚMERO DE CONTROL | |
| campo de control | UPN |
| 005 - FECHA Y HORA DE LA ÚLTIMA TRANSACCIÓN | |
| campo de control | 20250902202548.0 |
| 008 - ELEMENTOS DE LONGITUD FIJA--INFORMACIÓN GENERAL | |
| campo de control de longitud fija | 250902s2002 nq| |||frs|||i001 0 spa d |
| 040 ## - FUENTE DE LA CATALOGACIÓN | |
| Centro catalogador/agencia de origen | MX-MxUPN |
| Lengua de catalogación | spa |
| Centro/agencia transcriptor | MX-MxUPN |
| 041 ## - CÓDIGO DE IDIOMA | |
| Código de lengua del texto/banda sonora o título independiente | spa |
| 050 ## - SIGNATURA TOPOGRÁFICA DE LA BIBLIOTECA DEL CONGRESO | |
| Número de clasificación | GE90 |
| Número de documento/Ítem | U54 2002 |
| 111 ## - ASIENTO PRINCIPAL--NOMBRE DE REUNION | |
| Nombre de congreso/reunión o jurisdicción como elemento de entrada | Encuentro, análisis y perspectivas de los Planes Nacionales de Educación para Todos en Centroamérica |
| Sede del congreso/Lugar de la reunión | Managua, Nicaragua) |
| Fecha del congreso/reunión | 17, 18 de Octubre, 2002 : |
| Número del congreso/reunión o número de parte o sección | (Primer |
| 9 (RLIN) | 57599 |
| 245 ## - MENCIÓN DE TÍTULO | |
| Título | Informe final |
| 260 ## - PUBLICACIÓN, DISTRIBUCIÓN, ETC. | |
| Lugar de publicación, distribución, etc. | Managua, Nicaragua : |
| Nombre del editor, distribuidor, etc. | UNESCO Oficina para Centroamérica, |
| Fecha de publicación, distribución, etc. | 2015 |
| 300 ## - DESCRIPCIÓN FÍSICA | |
| Extensión | 23 páginas |
| 650 #0 - ASIENTO SECUNDARIO DE MATERIA - TERMINO TEMATICO | |
| Término de materia o nombre geográfico como elemento de entrada | Educación para Todos |
| 9 (RLIN) | 57600 |
| Subdivisión de forma | Congresos |
| 902 ## - ELEMENTOS DE DATOS B LOCAL, LDB (RLIN) | |
| Creó | Maiella Martínez / 02092025 |
| 942 ## - ELEMENTOS DE PUNTO DE ACCESO ADICIONAL (KOHA) | |
| Fuente del sistema de clasificación o colocación | Library of Congress Classification |
| Tipo de ítem Koha | Folleto |
| Suprimir en OPAC | No |
| Estado de retiro | Estado de pérdida | Fuente del sistema de clasificación o colocación | Estado dañado | No para préstamo | Código de colección | Localización permanente | Ubicación/localización actual | Ubicación en estantería | Fecha de adquisición | Total de préstamos | Clasificación | Código de barras | Fecha visto por última vez | Precio válido a partir de | Tipo de ítem Koha |
|---|---|---|---|---|---|---|---|---|---|---|---|---|---|---|---|
| Library of Congress Classification | Disponible (Préstamo en sala) | UNESCO | Bib. Gregorio Torres Quintero | Bib. Gregorio Torres Quintero | Colecciones especiales Planta alta | 02/09/2025 | GE90 U54 2002 | U13820 | 02/09/2025 | 02/09/2025 | Folleto |
